Diversity and function in mangrove ecosystems Proceedings of Mangrove symposia held in Toulouse, France, 9-10 July 1997 and 8-10 July 1998
Zapisane w:
| 1. autor: | |
|---|---|
| Format: | Książka |
| Język: | Undetermined |
| Wydane: |
Dordrecht, The Netherlands
Kluwer Academic
1999
|
| Hasła przedmiotowe: | |
| Etykiety: |
Dodaj etykietę
Nie ma etykietki, Dołącz pierwszą etykiete!
|
| Thư viện lưu trữ: | Trung tâm Học liệu Trường Đại học Cần Thơ |
|---|
| LEADER | 00628nam a2200181Ia 4500 | ||
|---|---|---|---|
| 001 | CTU_50452 | ||
| 008 | 210402s9999 xx 000 0 und d | ||
| 082 | |a 577.698 | ||
| 082 | |b D698 | ||
| 100 | |a R S DODD | ||
| 245 | 0 | |a Diversity and function in mangrove ecosystems | |
| 245 | 0 | |b Proceedings of Mangrove symposia held in Toulouse, France, 9-10 July 1997 and 8-10 July 1998 | |
| 245 | 0 | |c R S DODD, R. S. DODD | |
| 260 | |a Dordrecht, The Netherlands | ||
| 260 | |b Kluwer Academic | ||
| 260 | |c 1999 | ||
| 650 | |a coastal ecology,ecosystem management,mangrove ecology | ||
| 980 | |a Trung tâm Học liệu Trường Đại học Cần Thơ | ||